Quizzes
Events
Quiz Creation
Community
Videos
Private Events
Remove Ads
Sign In
Join for FREE
Feedback
Dark Mode
Quiz Categories
Sports
Geography
Music
Movies
Television
Just For Fun
Miscellaneous
History
Literature
Language
Science
Gaming
Entertainment
Religion
Holiday
For Kids
Quiz Lab
Recent
Popular Today
Quiz Kudos Today
Editor Picks
Curator Picks
Quizzes by...
Day
Popularity
Type
Ratings
Length
Year
Community
Subscriptions
Recent Discussions
Orange Saloon
Badges
Playlists
Quests
Create
Leaderboards
Showdown
Live 5
Trivia Bingo
Activity
Puzzle Library
Sporcle Events
Private Events
Virtual Trivia
Globe League
Become a Host
Pub Owners
SporcleCon
Opinionation
Our Games
Videos
Blog
Mobile Apps
Partnerships
Remove Ads and Go Orange
Feedback
Sports
Athletes
MLB
NBA
NHL
NFL
Soccer
Sports Teams
WWE
NCAA
Football
Premier League
Basketball
Baseball
Hockey
Golf
Tennis
Cricket
Rugby
Auto Racing
Olympics
World Cup
Sports
Athletes
MLB
NBA
NHL
NFL
Soccer
Sports Teams
WWE
NCAA
Football
Premier League
Basketball
Baseball
Hockey
Golf
Tennis
Cricket
Rugby
Auto Racing
Olympics
World Cup
Random Quiz
Search Sporcle
×
Quiz Lab
Quiz Lab
Sports
Tennis
Type in answers that appear in a list
Type in answers that appear in a list
Classic
Best Score? Go Orange.
ATP Tour Championships 1990-2013 Stats
Can you name the ATP Tour Championships 1990-2013
By
badelman3
7m
192 Questions
383 Plays
383 Plays
383 Plays
Comments
Comments
Give Quiz Kudos
Give Quiz Kudos
-
- Ratings
hide this ad
Replay
Link that replays current quiz
Next Quiz
Link to next quiz in quiz playlist
You Got
0%
They Got
Avg Score
83%
Avg Friend Score
Upgrade to see
Score Distribution
Jump to the score distribution portion of the page
Score
0/192
Timer
07:00
0
Plays Today
Hint
Answer
% Correct
1990
Andre Agassi
98.2%
1991
Andre Agassi
98.2%
1994
Andre Agassi
98.2%
1999
Andre Agassi
98.2%
2000
Andre Agassi
98.2%
2001
Andre Agassi
98.2%
2002
Andre Agassi & Thomas Johansson
98.2%
2003
Andre Agassi
98.2%
2005
Andre Agassi & Fernando Gonzalez
98.2%
1996
Thomas Enqvist & Andre Agassi
97.9%
1998
Andre Agassi & Greg Rusedski
97.9%
2002
Roger Federer
97.9%
2003
Roger Federer
97.9%
2004
Roger Federer
97.9%
2005
Roger Federer
97.9%
2006
Roger Federer
97.9%
2007
Roger Federer
97.9%
2007
Novak Djokovic
97.9%
2008
Novak Djokovic
97.9%
2008
Roger Federer
97.9%
2009
Roger Federer
97.9%
2009
Novak Djokovic
97.9%
2010
Roger Federer
97.9%
2010
Novak Djokovic
97.9%
2011
Roger Federer
97.9%
2011
Novak Djokovic
97.9%
2012
Novak Djokovic
97.9%
2012
Roger Federer
97.9%
2013
Novak Djokovic
97.9%
2013
Roger Federer
97.9%
1990
Pete Sampras
97.7%
1991
Pete Sampras
97.7%
1992
Pete Sampras
97.7%
1993
Pete Sampras
97.7%
1994
Pete Sampras
97.7%
1995
Pete Sampras
97.7%
1996
Pete Sampras
97.7%
1997
Pete Sampras
97.7%
1998
Pete Sampras
97.7%
1999
Pete Sampras
97.7%
2000
Pete Sampras
97.7%
2006
Rafael Nadal
97.7%
2007
Rafael Nadal
97.7%
2009
Rafael Nadal
97.7%
2010
Rafael Nadal
97.7%
2011
Rafael Nadal
97.7%
2013
Rafael Nadal
97.7%
2007
David Ferrer
95.3%
2010
David Ferrer
95.3%
2011
David Ferrer
95.3%
2011
Andy Murray & Janko Tipsarevic
95.3%
2012
David Ferrer
95.3%
2013
David Ferrer
95.3%
2000
Lleyton Hewitt
94%
2001
Lleyton Hewitt
94%
2002
Lleyton Hewitt
94%
2004
Lleyton Hewitt
94%
2008
Andy Murray
94%
2009
Andy Murray
94%
2010
Andy Murray
94%
2012
Andy Murray
94%
1990
Boris Becker
93.7%
1991
Boris Becker
93.7%
1992
Boris Becker
93.7%
Hint
Answer
% Correct
1994
Boris Becker
93.7%
1995
Boris Becker
93.7%
1996
Boris Becker
93.7%
2008
Andy Roddick & Radek Stepanek
92.2%
2003
Andy Roddick
91.4%
2004
Andy Roddick
91.4%
2006
Andy Roddick
91.4%
2007
Andy Roddick
91.4%
2010
Andy Roddick
91.4%
1990
Stefan Edberg
90.1%
1992
Stefan Edberg
90.1%
1993
Stefan Edberg
90.1%
1994
Stefan Edberg
90.1%
1997
Tim Henman & Sergi Bruguera
90.1%
2008
Jo-Wilfried Tsonga
89.3%
2011
Jo-Wilfried Tsonga
89.3%
2012
Jo-Wilfried Tsonga
89.3%
1999
Gustavo Kuerten
87.5%
2000
Gustavo Kuerten
87.5%
2001
Juan Carlos Ferrero
87.5%
2001
Gustavo Kuerten
87.5%
2002
Juan Carlos Ferrero
87.5%
2003
Juan Carlos Ferrero
87.5%
2000
Marat Safin
87.2%
2002
Marat Safin
87.2%
2004
Marat Safin
87.2%
2005
Nikolay Davydenko
87.2%
2006
Nikolay Davydenko
87.2%
2007
Nikolay Davydenko
87.2%
2008
Nikolay Davydenko
87.2%
2009
Nikolay Davydenko
87.2%
2003
David Nalbandian
86.4%
2005
David Nalbandian
86.4%
2006
David Nalbandian
86.4%
2008
Juan Martin del Potro
86.4%
2009
Juan Martin del Potro
86.4%
2012
Juan Martin del Potro
86.4%
2013
Juan Martin del Potro
86.4%
1991
Jim Courier
86.2%
1992
Jim Courier
86.2%
1993
Jim Courier
86.2%
1995
Jim Courier
86.2%
1990
Ivan Lendl
84.3%
1991
Ivan Lendl
84.3%
1997
Greg Rusedski & Thomas Enqvist
84.1%
1992
Michael Chang
83.6%
1993
Michael Chang
83.6%
1994
Michael Chang
83.6%
1995
Michael Chang
83.6%
1996
Michael Chang
83.6%
1997
Michael Chang
83.6%
1998
Tim Henman
83.6%
2004
Tim Henman
83.6%
2010
Tomas Berdych
83.6%
2011
Tomas Berdych
83.6%
2012
Tomas Berdych
83.6%
2013
Tomas Berdych
83.6%
1992
Goran Ivanisevic
83.3%
1993
Goran Ivanisevic
83.3%
1994
Goran Ivanisevic
83.3%
1996
Goran Ivanisevic
83.3%
2001
Goran Ivanisevic
83.3%
1997
Carlos Moya
82.8%
1998
Carlos Moya
82.8%
Hint
Answer
% Correct
2002
Carlos Moya
82.8%
2003
Carlos Moya
82.8%
2004
Carlos Moya
82.8%
1995
Yevgeny Kafelnikov
81.5%
1996
Yevgeny Kafelnikov
81.5%
1997
Yevgeny Kafelnikov
81.5%
1998
Yevgeny Kafelnikov
81.5%
1999
Yevgeny Kafelnikov
81.5%
2000
Yevgeny Kafelnikov
81.5%
2001
Yevgeny Kafelnikov
81.5%
1997
Patrick Rafter
81.2%
2001
Patrick Rafter
81.2%
2007
Richard Gasquet
80.9%
2013
Richard Gasquet
80.9%
1998
Marcelo Rios & Albert Costa
79.9%
1993
Sergi Bruguera
77.3%
1994
Sergi Bruguera
77.3%
1995
Thomas Enqvist
77%
1999
Thomas Enqvist
77%
1991
Michael Stich
76.2%
1993
Michael Stich
76.2%
2013
Stanislas Wawrinka
76.2%
2003
Guillermo Coria
74.4%
2004
Guillermo Coria
74.4%
2005
Guillermo Coria
74.4%
1990
Thomas Muster
73.9%
1995
Thomas Muster
73.9%
1996
Thomas Muster
73.9%
2009
Robin Soderling
73.4%
2010
Robin Soderling
73.4%
2006
James Blake
71.8%
2004
Gaston Gaudio
71.5%
2005
Gaston Gaudio
71.5%
2007
Fernando Gonzalez
71%
2002
Albert Costa
68.9%
2008
Gilles Simon
67.9%
1992
Richard Krajicek
67.4%
1996
Richard Krajicek
67.4%
2012
Janko Tipsarevic
65%
1998
Alex Corretja
64.2%
2000
Alex Corretja
64.2%
2005
Ivan Ljubicic
63.4%
2006
Ivan Ljubicic
63.4%
1992
Petr Korda
62.7%
1999
Todd Martin
62.7%
2009
Fernando Verdasco
61.6%
2001
Sebastien Grosjean
60.8%
2000
Magnus Norman
59.8%
1997
Jonas Bjorkman
57.2%
2011
Mardy Fish
56.9%
1990
Andres Gomez
53.5%
2006
Tommy Robredo
51.4%
1993
Andrei Medvedev
50.4%
1991
Guy Forget
50.1%
1999
Nicolas Kiefer
47.8%
1994
Alberto Berasategui
45.7%
2003
Rainer Schuttler
45.4%
1995
Wayne Ferreira
45.2%
2002
Jiri Novak
42.3%
1999
Nicolas Lapentti
38.9%
2005
Mariano Puerta
37.3%
1991
Karel Novacek
36.3%
1998
Karol Kucera
35.5%
1990
Emilio Sanchez
34.5%
Quiz Playlist
Details
Report
Send in Message
Add To Playlist
Classic:
Type in answers that appear in a list
Last Updated: Feb 16, 2017
Quiz Scoreboard
CHALLENGE
Sign Up to Join the Scoreboard
Show All
Scores
Hide
Comments
May contain spoilers
Recently Published
Movies - When Are They Set?
by FPL_Elf
Movies
5m
Popular People in 1961
by mucciniale
History
6m
1-10 Letter E Words III
by El_Dandy
Language
2m
More to Explore
Quiz From the Vault
Featured Blog Post
Where Did the Easter Bunny Come From?
hide this ad
You Might Also Like...
Tags
Tennis Quiz
ATP
ATP Masters
ATP Players
ATP World
final
Final Winners
Men's Tennis
Tour Finals
Today's Top Quizzes in Sports
Browse Sports
hide this ad
Today's Top Quizzes in Tennis
Browse Tennis
Top Contributed Quizzes in Sports
1
Les meilleurs buteurs des matchs entre le PSG et l’OM
2
Les entraîneurs de l'OM et du PSG au 21e siècle
3
FIFA Club World Cup Champions
4
2022 World Cup Stars
5
Name the Premier League winners with different clubs
6
La finale Lions - Afrique du Sud 2021
7
Criteria MLB: Left Handed Sluggers
8
Players with Multiple 50 Home Run Seasons
9
MLB Players with Two .350 Batting Average Seasons
10
MLB Hall of Famer by Rings
Explore More
Trending Topics
Marvel
Disney
Kpop
Harry Potter
NBA
Crossword
Anime
Soccer
The Office
Pokémon
Country
NFL
WWE
Puzzle
Song
hide this ad
More By:
badelman3
Quiz
Plays
Rating
Category
Featured
Created
2010-2014 Women's Tennis Grandslam Semifinalists
937
4.50
Sports
Sep 2, 2014
WTA End of Year Top 10 Rankings 1990-2013
896
5.00
Sports
Aug 6, 2014
WTA Tour Championships Seeds 1990-2014
718
4.67
Sports
Sep 23, 2014
2000-2009 Women's Tennis Grandslam Semi Finalists
630
5.00
Sports
Sep 2, 2014
WTA Premier Event Finalists 2009-2014
529
5.00
Sports
Sep 18, 2014
Go to Creator's Profile
Score Distribution
Quiz Creator Spotlight
badelman3
Follow
Send a Message
Quizzes Created
-
Created Quiz Play Count
-
More By This Creator
Popular Quizzes Today
1
Find the US States - No Outlines Minefield
2
Find the Countries of Europe - No Outlines Minefield
3
The Countries of the World
4
Popular People in 1961
5
1-10 Letter E Words III
6
US States
7
Find the US States
8
One Thing in Common: World Cities II
More Sports Quizzes
3 NFL Championship LOSSES in 10 Years
Published
Trending Quizzes
Risky Map Clicking: Least Populous States A-Z
1-10 Letter F Words
1-10 Letter G Words
One Thing in Common: United Kingdom
Risky Map Clicking: Next State Alphabetically
Recently Updated
Leaping Animals
pecheneg
Reality TV Shows (A-Z)
bhenderson79
Rickey Henderson's Hall of Fame Teammates
pecheneg
Champions League XIs: Arsenal
pecheneg
Quick Pick: Celebrities in WWE's Hall of Fame
aduchscher
A-Z Keypad Blitz II
pecheneg
Multiple Oscar Actors
pecheneg
Mystery Phrase Blitz: Oscar 'Best Actors'
pecheneg
F. Scott Fitzgerald Novels
LTH
Pick 3 Villains
ddd62291
Trending Topics
Disney
Crossword
NBA
Kpop
Harry Potter
Marvel
Anime
Song
Soccer
Puzzle
NFL
Pokémon
The Office
Country
WWE
Your Account Isn't Verified!
In order to create a playlist on Sporcle, you need to verify the email address you used during registration. Go to your
Sporcle Settings
to finish the process.
Report this User
Report this user for behavior that violates our
Community Guidelines
.
Details:
Send Report
Go to the Sporcle.com Mobile Site →
Comments